Nyadipa Chindhakal (Record no. 49651)

MARC details
000 -LEADER
fixed length control field 00374nam a2200145Ia 4500
008 - FIXED-LENGTH DATA ELEMENTS--GENERAL INFORMATION
fixed length control field 211109s9999||||xx |||||||||||||| ||und||
082 ## - DEWEY DECIMAL CLASSIFICATION NUMBER
Classification number 340
Item number SUK-N
100 ## - MAIN ENTRY--PERSONAL NAME
Personal name K Sukumaran,
245 #0 - TITLE STATEMENT
Title Nyadipa Chindhakal
260 ## - PUBLICATION, DISTRIBUTION, ETC.
Name of publisher, distributor, etc. Sijo Press Chry No 4854
Place of publication, distribution, etc. 10-31-95
Date of publication, distribution, etc. 1994
300 ## - PHYSICAL DESCRIPTION
Extent 112p.
630 ## - SUBJECT ADDED ENTRY--UNIFORM TITLE
General subdivision General stack
650 ## - SUBJECT ADDED ENTRY--TOPICAL TERM
Topical term or geographic name entry element Law
942 ## - ADDED ENTRY ELEMENTS (KOHA)
Koha item type BOOK
650 ## - SUBJECT ADDED ENTRY--TOPICAL TERM
Form subdivision Social scienceGeneralia
Holdings
Withdrawn status Lost status Damaged status Not for loan Home library Current library Date acquired Cost, normal purchase price Total Checkouts Full call number Barcode Shelving location Date last seen Price effective from Koha item type
        SB LIBRARY SB LIBRARY 09/11/2021 100.00   340 SUK-N 00091806 GENERAL STACK 09/11/2021 09/11/2021 BOOK

Powered by Koha